[Event "Hyderabad Singh Ji Memorial"]
[Site "Hyderabad"]
[Date "2023.01.14"]
[Round "9"]
[White "Chakravarthi, Reddy M"]
[Black "Ramakrishna, J."]
[Result "1-0"]
[WhiteElo "2289"]
[BlackElo "2061"]
[PlyCount "73"]
[EventDate "2023.01.10"]
[EventType "swiss"]
[EventRounds "9"]
[EventCountry "IND"]
[SourceTitle "CBM 212 Extra"]
[Source "ChessBase"]
[SourceDate "2023.03.31"]
[SourceVersion "1"]
[SourceVersionDate "2023.03.31"]
[SourceQuality "1"]

1. d4 Nf6 2. c4 e6 3. Nf3 Bb4+ 4. Bd2 a5 5. Nc3 0-0 6. Qc2 d6 7. g3 Nc6 8. Bg2 e5 9. a3 exd4 10. Nd5 Bxd2+ 11. Qxd2 Ne4 12. Qd1 Nc5 13. b4 axb4 14. axb4 Rxa1 15. Qxa1 Ne6 16. 0-0 Ne5 17. Nxd4 Nxc4 18. Rc1 Nxd4 19. Qxd4 b5 20. Qa7 Bg4 21. e3 Be6 22. Nxc7 Qg5 23. Ra1 Nd2 24. Rd1 Nc4 25. Qb7 Bg4 26. Rd5 Qf6 27. Rd4 Ne5 28. Rf4 Qg6 29. Be4 Qh6 30. h4 Be2 31. Nxb5 Qe6 32. Nd4 Qa2 33. Nxe2 Qxe2 34. b5 Nc4 35. Bxh7+ Kh8 36. Be4 Nd2 37. Bg2 1-0

[Event "Hyderabad Singh Ji Memorial"]
[Site "Hyderabad"]
[Date "2023.01.13"]
[Round "8"]
[White "Ramakrishna, J."]
[Black "Gyana Sai Santhosh, M."]
[Result "1-0"]
[WhiteElo "2061"]
[BlackElo "1673"]
[PlyCount "79"]
[EventDate "2023.01.10"]
[EventType "swiss"]
[EventRounds "9"]
[EventCountry "IND"]
[SourceTitle "CBM 212 Extra"]
[Source "ChessBase"]
[SourceDate "2023.03.31"]
[SourceVersion "1"]
[SourceVersionDate "2023.03.31"]
[SourceQuality "1"]

1. e4 e5 2. f4 d5 3. exd5 e4 4. d3 Nf6 5. dxe4 Nxe4 6. Nf3 Bc5 7. Qe2 Qe7 8. Be3 Nd7 9. Bxc5 Ndxc5 10. Nbd2 Bg4 11. Nxe4 Nxe4 12. 0-0-0 0-0-0 13. h3 Bd7 14. Qe3 Kb8 15. Bd3 Rhe8 16. Rhe1 f5 17. Ne5 g5 18. g3 gxf4 19. gxf4 Qf6 20. Bxe4 fxe4 21. Qxe4 Bxh3 22. Re3 Bf5 23. Qd4 Qb6 24. Qxb6 axb6 25. c4 Rg8 26. b3 Rg2 27. Rd2 Rxd2 28. Kxd2 c6 29. Nf7 Rd7 30. Re8+ Ka7 31. Ne5 Rd6 32. Rf8 Bh3 33. f5 cxd5 34. f6 dxc4+ 35. Kc3 cxb3 36. axb3 Rd5 37. Re8 Rd6 38. Rf8 Re6 39. Kd4 Rd6+ 40. Ke4 1-0

[Event "Visakhapatnam Vizag op"]
[Site "Visakhapatnam"]
[Date "2022.06.11"]
[Round "2"]
[White "Ramakrishna, J."]
[Black "Paichadze, Luka"]
[Result "0-1"]
[WhiteElo "2070"]
[BlackElo "2555"]
[PlyCount "81"]
[EventDate "2022.06.10"]
[EventType "swiss"]
[EventRounds "10"]
[EventCountry "IND"]
[SourceTitle "CBM 208 Extra"]
[Source "ChessBase"]
[SourceDate "2022.07.31"]
[SourceVersion "1"]
[SourceVersionDate "2022.07.31"]
[SourceQuality "1"]

1. Nf3 Nf6 2. g3 b5 3. Bg2 Bb7 4. 0-0 e6 5. d3 d5 6. Nbd2 Be7 7. e4 0-0 8. e5 Nfd7 9. Re1 c5 10. Nf1 Nc6 11. h4 Qc7 12. Bf4 Rfc8 13. N1h2 a5 14. h5 h6 15. Ng4 Qd8 16. c3 a4 17. a3 Na5 18. Nd2 Bc6 19. Bh3 Qf8 20. Be3 b4 21. c4 dxc4 22. dxc4 Rab8 23. axb4 Rxb4 24. Qc2 Rcb8 25. Ra2 Nb3 26. Bg2 Bxg2 27. Kxg2 Nb6 28. Ne4 Rxc4 29. Qb1 Nd5 30. Rd1 Nd4 31. Qd3 Rcb4 32. Bc1 Rb3 33. Qf1 Qe8 34. Nh2 Qc6 35. f3 Ne3+ 36. Bxe3 Rxe3 37. Re1 Qd5 38. Rxa4 Rxb2+ 39. Kg1 Rxe1 40. Qxe1 Rxh2 41. Qd1 0-1

[Event "Mumbai Wealth op 5th"]
[Site "Mumbai"]
[Date "2019.12.31"]
[Round "2"]
[White "Debashis, Das"]
[Black "Ramakrishna, J."]
[Result "1-0"]
[WhiteElo "2523"]
[BlackElo "2068"]
[PlyCount "95"]
[EventDate "2019.12.30"]
[EventType "swiss"]
[EventRounds "9"]
[EventCountry "IND"]
[SourceTitle "CBM 194 Extra"]
[Source "ChessBase"]
[SourceDate "2020.03.31"]
[SourceVersion "1"]
[SourceVersionDate "2020.03.31"]
[SourceQuality "1"]

1. d4 Nf6 2. c4 e6 3. Nc3 c5 4. d5 exd5 5. cxd5 d6 6. Nf3 g6 7. Nd2 a6 8. a4 Bg7 9. e4 0-0 10. Be2 Re8 11. 0-0 Nbd7 12. Qc2 Nh5 13. Bxh5 gxh5 14. b3 Ne5 15. Bb2 Qh4 16. Rae1 b5 17. Nd1 Qf4 18. Bc1 Bd7 19. Kh1 bxa4 20. bxa4 Rab8 21. Nc4 Qf6 22. Bb2 Rb4 23. Bxe5 dxe5 24. Ndb2 Reb8 25. Re3 h4 26. h3 Qg6 27. Ra3 R4b7 28. Re1 f6 29. Nd3 Bf8 30. Rc3 Rb4 31. Nxb4 cxb4 32. Rd3 b3 33. Qb2 Bxa4 34. d6 Qf7 35. Ne3 a5 36. Ra1 Bc6 37. Rxa5 Bxe4 38. Rd1 Qd7 39. Kg1 Bh6 40. Ng4 Bg7 41. Rc5 Rb7 42. Rc3 Bc2 43. Rxc2 bxc2 44. Qxc2 f5 45. Qa2+ Kf8 46. Qa8+ Kf7 47. Qxb7 Qxb7 48. d7 1-0

[Event "Hyderabad op 3rd"]
[Site "Hyderabad"]
[Date "2019.08.27"]
[Round "10"]
[White "Samith Reddy, I."]
[Black "Ramakrishna, J."]
[Result "0-1"]
[WhiteElo "1526"]
[BlackElo "2155"]
[PlyCount "58"]
[EventDate "2019.08.20"]
[EventType "swiss"]
[EventRounds "10"]
[EventCountry "IND"]
[SourceTitle "EXT 2020"]
[Source "ChessBase"]
[SourceDate "2019.10.17"]
[SourceVersion "1"]
[SourceVersionDate "2019.10.17"]
[SourceQuality "1"]

1. e4 c5 2. c3 d5 3. exd5 Qxd5 4. d4 Nf6 5. Nf3 e6 6. Be2 Nc6 7. Be3 cxd4 8. cxd4 Be7 9. Nc3 Qd6 10. 0-0 0-0 11. a3 b6 12. Rc1 Bb7 13. h3 Rac8 14. b4 a5 15. bxa5 Nxa5 16. a4 Nc4 17. Qb3 Nxe3 18. fxe3 Qa3 19. Nd2 Qxb3 20. Nxb3 Ba3 21. Nb5 Bxc1 22. Nxc1 Rc2 23. Bf3 Bxf3 24. gxf3 Nd5 25. e4 Nf4 26. Kh1 Rfc8 27. Nb3 Rb2 28. Na1 h5 29. Rg1 Rc4 0-1

[Event "Bhopal op"]
[Site "Bhopal"]
[Date "2017.12.27"]
[Round "9"]
[White "Dhulipalla, Bala Chandra Prasad"]
[Black "Ramakrishna, J."]
[Result "1-0"]
[WhiteElo "2334"]
[BlackElo "2149"]
[PlyCount "67"]
[EventDate "2017.12.21"]
[EventType "swiss"]
[EventRounds "10"]
[EventCountry "IND"]
[SourceTitle "CBM 182 Extra"]
[Source "ChessBase"]
[SourceDate "2018.02.23"]
[SourceVersion "1"]
[SourceVersionDate "2018.02.23"]
[SourceQuality "1"]

1. d4 e6 2. Nf3 c5 3. c3 Nc6 4. Bf4 cxd4 5. cxd4 Qb6 6. Qd2 Nf6 7. Nc3 Bb4 8. e3 Qa5 9. Rc1 Ne4 10. Qc2 d5 11. Nd2 Nxd2 12. Qxd2 0-0 13. Bd3 Bd7 14. 0-0 Rfc8 15. Qc2 g6 16. Qb3 Bf8 17. Qxb7 Nb4 18. Bb5 Bxb5 19. Nxb5 Rxc1 20. Rxc1 Nd3 21. Bc7 Qb4 22. Rf1 Re8 23. Qc6 Qe7 24. Bd6 Qd8 25. Nc7 Re7 26. Bxe7 Qxe7 27. Na6 Nxb2 28. Nc5 Nc4 29. Qc8 Nb6 30. Qb7 Qg5 31. Qxa7 Nc4 32. Qb8 Kg7 33. Qb7 Qf5 34. e4 1-0

[Event "Bhopal op"]
[Site "Bhopal"]
[Date "2017.12.26"]
[Round "8"]
[White "Ramakrishna, J."]
[Black "Saravana, Krishnan P"]
[Result "1/2-1/2"]
[WhiteElo "2149"]
[BlackElo "2350"]
[PlyCount "118"]
[EventDate "2017.12.21"]
[EventType "swiss"]
[EventRounds "10"]
[EventCountry "IND"]
[SourceTitle "CBM 182 Extra"]
[Source "ChessBase"]
[SourceDate "2018.02.23"]
[SourceVersion "1"]
[SourceVersionDate "2018.02.23"]
[SourceQuality "1"]

1. Nf3 d5 2. g3 Nf6 3. Bg2 c5 4. 0-0 g6 5. d4 cxd4 6. Nxd4 Bg7 7. Nc3 e5 8. Nb3 d4 9. Na4 0-0 10. c3 Nc6 11. cxd4 exd4 12. Bxc6 bxc6 13. Qxd4 Nd5 14. Qc4 Qe7 15. Nac5 a5 16. a4 Re8 17. Re1 h5 18. Bd2 Bxb2 19. Rab1 Ba3 20. e4 Nc7 21. Bc3 Bb4 22. Bxb4 axb4 23. Qxb4 Bh3 24. Nd4 Na6 25. Nxa6 Rxa6 26. Qc4 Rea8 27. Ra1 c5 28. Ne2 g5 29. Nc3 Qf6 30. Re3 Qd4 31. Qe2 Bg4 32. f3 Be6 33. Rd1 Qe5 34. Qf2 Bb3 35. Rd2 Bxa4 36. Rd5 Qg7 37. Rxc5 Bd7 38. Kg2 Be6 39. Qd2 f6 40. Re2 Qe7 41. Qd4 Rd8 42. Nd5 Bxd5 43. Rxd5 Rad6 44. Rd2 Rxd5 45. exd5 Rd6 46. Qe4 Qf7 47. Qf5 Kg7 48. Qe4 Qd7 49. Qd4 Qf7 50. Qc5 Qd7 51. Kf2 Kh6 52. Qd4 Qh3 53. Kg1 Qf5 54. Kg2 Kg7 55. Qe4 Qd7 56. Qd4 Qf5 57. Qd3 Qc8 58. Qe3 Qb7 59. Qe4 Qd7 1/2-1/2

[Event "Bhopal op"]
[Site "Bhopal"]
[Date "2017.12.25"]
[Round "7"]
[White "Shailesh, Dravid"]
[Black "Ramakrishna, J."]
[Result "1/2-1/2"]
[WhiteElo "2306"]
[BlackElo "2149"]
[PlyCount "86"]
[EventDate "2017.12.21"]
[EventType "swiss"]
[EventRounds "10"]
[EventCountry "IND"]
[SourceTitle "CBM 182 Extra"]
[Source "ChessBase"]
[SourceDate "2018.02.23"]
[SourceVersion "1"]
[SourceVersionDate "2018.02.23"]
[SourceQuality "1"]

1. e4 c5 2. b3 b6 3. Bb2 Bb7 4. d3 d5 5. Nd2 e6 6. f4 Nc6 7. g3 dxe4 8. dxe4 Nf6 9. Bd3 Be7 10. Ngf3 0-0 11. a3 a6 12. 0-0 b5 13. Qe2 Qb6 14. c4 Rfd8 15. Rab1 Rac8 16. h3 Rc7 17. e5 Nh5 18. Kh2 Rcd7 19. Bc2 g6 20. Ne4 Qa5 21. Rbd1 bxc4 22. bxc4 Qb6 23. Rb1 Qc7 24. Rfd1 Nd4 25. Nxd4 cxd4 26. Bd3 Ng7 27. Nf6+ Bxf6 28. exf6 Nh5 29. Qe5 Qc6 30. Rd2 Qf3 31. Rg1 Nxg3 32. Qg5 Nf1+ 33. Rxf1 h6 34. Qh4 Qe3 35. Bc1 Be4 36. Be2 Kh7 37. Bh5 gxh5 38. Re1 Rg8 39. f5 exf5 40. Rxe3 dxe3 41. Rxd7 Rg2+ 42. Kh1 Rg4+ 43. Kh2 Rg2+ 1/2-1/2

[Event "Hyderabad op 1st"]
[Site "Hyderabad"]
[Date "2017.11.01"]
[Round "9"]
[White "Ramakrishna, J."]
[Black "Saravana, Krishnan P"]
[Result "0-1"]
[WhiteElo "2126"]
[BlackElo "2396"]
[PlyCount "56"]
[EventDate "2017.10.28"]
[EventType "swiss"]
[EventRounds "10"]
[EventCountry "IND"]
[SourceTitle "CBM 181 Extra"]
[Source "ChessBase"]
[SourceDate "2017.12.12"]
[SourceVersion "1"]
[SourceVersionDate "2017.12.12"]
[SourceQuality "1"]

1. f4 d5 2. Nf3 c5 3. e3 a6 4. Be2 g6 5. 0-0 Bg7 6. d3 Nc6 7. Qe1 Nf6 8. Ne5 0-0 9. Nxc6 bxc6 10. Nc3 Nd7 11. e4 e6 12. Kh1 Rb8 13. Rb1 f5 14. Bd2 c4 15. exf5 cxd3 16. Bxd3 exf5 17. Qe6+ Kh8 18. Qxc6 Bb7 19. Qd6 Rf6 20. Qa3 d4 21. Ne2 Nb6 22. Rf2 Re6 23. c3 Re3 24. cxd4 Rxd3 25. Qxd3 Be4 26. Qxa6 Bxb1 27. a3 Nd5 28. Bc1 Be4 0-1

[Event "Hyderabad op 1st"]
[Site "Hyderabad"]
[Date "2017.10.31"]
[Round "6"]
[White "Rathnakaran, Kantholi"]
[Black "Ramakrishna, J."]
[Result "1/2-1/2"]
[WhiteElo "2326"]
[BlackElo "2126"]
[PlyCount "89"]
[EventDate "2017.10.28"]
[EventType "swiss"]
[EventRounds "10"]
[EventCountry "IND"]
[SourceTitle "CBM 181 Extra"]
[Source "ChessBase"]
[SourceDate "2017.12.12"]
[SourceVersion "1"]
[SourceVersionDate "2017.12.12"]
[SourceQuality "1"]

1. e4 c5 2. Nf3 d6 3. c3 Nf6 4. h3 Nbd7 5. Bd3 b6 6. 0-0 Bb7 7. Re1 Rc8 8. Bc2 Qc7 9. a4 a6 10. Na3 e6 11. d3 Be7 12. Bf4 0-0 13. Rc1 Qb8 14. Nh2 Rfe8 15. g4 e5 16. Bg3 Nf8 17. f4 exf4 18. Bxf4 Ng6 19. Bg3 Nd7 20. Nc4 Nde5 21. Nxb6 Rcd8 22. d4 cxd4 23. cxd4 Qa7 24. a5 Nc6 25. Qd2 d5 26. exd5 Bb4 27. Rxe8+ Rxe8 28. Qf2 Nxa5 29. Bc7 Bd6 30. Bxg6 hxg6 31. Bxd6 Qxb6 32. Bc7 Qb3 33. d6 Qd5 34. Nf3 Nb3 35. Rc3 Bc6 36. Kh2 f6 37. Kg3 g5 38. Qg1 Re4 39. Qd1 Nxd4 40. Rd3 Re3 41. Kf2 Rxf3+ 42. Qxf3 Qxf3+ 43. Rxf3 Nxf3 44. d7 Bxd7 45. Kxf3 1/2-1/2

[Event "Hyderabad op"]
[Site "Hyderabad"]
[Date "2017.09.28"]
[Round "7"]
[White "Ramakrishna, J."]
[Black "Kulkarni, Rakesh"]
[Result "1-0"]
[WhiteElo "2126"]
[BlackElo "2281"]
[PlyCount "53"]
[EventDate "2017.09.25"]
[EventType "swiss"]
[EventRounds "10"]
[EventCountry "IND"]
[SourceTitle "EXT 2018"]
[Source "ChessBase"]
[SourceDate "2017.10.13"]
[SourceVersion "1"]
[SourceVersionDate "2017.10.13"]
[SourceQuality "1"]

1. Nf3 Nf6 2. b3 d5 3. Bb2 c5 4. e3 a6 5. c4 Nc6 6. cxd5 Nxd5 7. Be2 Bf5 8. a3 Qc7 9. d3 Bg6 10. Nbd2 Rd8 11. 0-0 e5 12. Rc1 Be7 13. b4 cxb4 14. Bxe5 Bd6 15. Bxg7 Rg8 16. Ba1 Nc3 17. Bxc3 bxc3 18. Rxc3 Qa5 19. Qb3 Bh5 20. Ne4 Be7 21. Qxb7 Ne5 22. Nxe5 Bxe2 23. Nc6 Rxg2+ 24. Kxg2 Bf3+ 25. Kxf3 Qh5+ 26. Kg2 Bd6 27. Nf6+ 1-0

[Event "Hyderabad op"]
[Site "Hyderabad"]
[Date "2017.09.27"]
[Round "5"]
[White "Sammed Jaykumar, Shete"]
[Black "Ramakrishna, J."]
[Result "1/2-1/2"]
[WhiteElo "2320"]
[BlackElo "2126"]
[PlyCount "67"]
[EventDate "2017.09.25"]
[EventType "swiss"]
[EventRounds "10"]
[EventCountry "IND"]
[SourceTitle "EXT 2018"]
[Source "ChessBase"]
[SourceDate "2017.10.13"]
[SourceVersion "1"]
[SourceVersionDate "2017.10.13"]
[SourceQuality "1"]

1. e4 g6 2. d4 Bg7 3. Nc3 d6 4. Be3 c6 5. Qd2 b5 6. a3 Bb7 7. f3 Nd7 8. g4 Nb6 9. h4 h5 10. g5 d5 11. Nh3 e6 12. b3 Ne7 13. Nf2 0-0 14. e5 Nf5 15. Bd3 Nxe3 16. Qxe3 Nd7 17. Ne2 c5 18. c3 Qb6 19. f4 a5 20. 0-0 b4 21. Rfc1 bxc3 22. Rxc3 Rfc8 23. Rac1 Bf8 24. Qd2 cxd4 25. Rxc8 Rxc8 26. Rxc8 Bxc8 27. Qc2 Nc5 28. Bxg6 Nd3 29. Qxd3 Ba6 30. Qf3 Bxe2 31. Qxe2 Qxb3 32. Kg2 Bxa3 33. f5 Qb2 34. Qa6 1/2-1/2

[Event "Mumbai Mayors Cup 10th"]
[Site "Mumbai"]
[Date "2017.06.09"]
[Round "8"]
[White "Ramakrishna, J."]
[Black "Salonika, Saina"]
[Result "1-0"]
[WhiteElo "2157"]
[BlackElo "1994"]
[PlyCount "75"]
[EventDate "2017.06.04"]
[EventType "swiss"]
[EventRounds "10"]
[EventCountry "IND"]
[SourceTitle "CBM 178 Extra"]
[Source "ChessBase"]
[SourceDate "2017.06.22"]
[SourceVersion "1"]
[SourceVersionDate "2017.06.22"]
[SourceQuality "1"]

1. c4 Nf6 2. Nc3 g6 3. g3 Bg7 4. Bg2 d6 5. d3 0-0 6. Nf3 e5 7. 0-0 Nc6 8. Rb1 h6 9. b4 Be6 10. b5 Ne7 11. a4 Qd7 12. Ba3 Bh3 13. e4 Bg4 14. Qb3 Nh7 15. Nd5 Nxd5 16. cxd5 f5 17. Nd2 fxe4 18. dxe4 Rf7 19. Qe3 h5 20. Nc4 Raf8 21. f3 Bh3 22. Na5 b6 23. Nc6 Bf6 24. a5 Bg5 25. Qe2 Bh6 26. a6 Ng5 27. Rb3 Bxg2 28. Kxg2 Qh3+ 29. Kg1 h4 30. Bc1 Nxf3+ 31. Rbxf3 Rxf3 32. Rxf3 Rxf3 33. Qxf3 Bxc1 34. Qf6 Be3+ 35. Kh1 Qg4 36. Ne7+ Kh7 37. Qxh4+ Qxh4 38. gxh4 1-0

[Event "Mumbai Mayors Cup 10th"]
[Site "Mumbai"]
[Date "2017.06.08"]
[Round "7"]
[White "Iniyan, Panneerseluam"]
[Black "Ramakrishna, J."]
[Result "1-0"]
[WhiteElo "2392"]
[BlackElo "2157"]
[PlyCount "77"]
[EventDate "2017.06.04"]
[EventType "swiss"]
[EventRounds "10"]
[EventCountry "IND"]
[SourceTitle "CBM 178 Extra"]
[Source "ChessBase"]
[SourceDate "2017.06.22"]
[SourceVersion "1"]
[SourceVersionDate "2017.06.22"]
[SourceQuality "1"]

1. d4 f5 2. c4 Nf6 3. Nf3 e6 4. g3 d5 5. Bg2 c6 6. 0-0 Bd6 7. b3 Qe7 8. Bb2 0-0 9. Nbd2 Bd7 10. Qc2 Be8 11. Ne5 Nbd7 12. Ndf3 Bh5 13. Ne1 g5 14. N1d3 Ng4 15. Nxg4 Bxg4 16. f3 Bh5 17. e4 fxe4 18. fxe4 Bg6 19. Qd2 dxe4 20. Nf2 e5 21. Nxe4 Bxe4 22. Bxe4 exd4 23. Rfe1 Qg7 24. Bxd4 Qxd4+ 25. Qxd4 Bc5 26. Bxh7+ Kxh7 27. Re7+ Kg6 28. Rg7+ Kh6 29. Rxd7 Bxd4+ 30. Rxd4 Rad8 31. Rad1 Rxd4 32. Rxd4 Rf7 33. Kg2 Kh5 34. h3 Re7 35. Kf2 a5 36. Kf3 Rf7+ 37. Ke3 Kg6 38. Rd6+ Kf5 39. g4+ 1-0

[Event "Mumbai Mayors Cup 10th"]
[Site "Mumbai"]
[Date "2017.06.07"]
[Round "6"]
[White "Ramakrishna, J."]
[Black "Krishnater, Kushager"]
[Result "1-0"]
[WhiteElo "2157"]
[BlackElo "1953"]
[PlyCount "33"]
[EventDate "2017.06.04"]
[EventType "swiss"]
[EventRounds "10"]
[EventCountry "IND"]
[SourceTitle "CBM 178 Extra"]
[Source "ChessBase"]
[SourceDate "2017.06.22"]
[SourceVersion "1"]
[SourceVersionDate "2017.06.22"]
[SourceQuality "1"]

1. e4 e5 2. f4 d5 3. exd5 exf4 4. Nf3 Nf6 5. Bb5+ c6 6. dxc6 Nxc6 7. d4 Bd6 8. Qe2+ Be6 9. Ng5 0-0 10. Nxe6 fxe6 11. Bxc6 bxc6 12. 0-0 e5 13. dxe5 Qb6+ 14. Kh1 Bxe5 15. Qxe5 Rae8 16. Qc3 Ne4 17. Qb3+ 1-0

[Event "Bhubaneswar op 10th"]
[Site "Bhubaneswar"]
[Date "2017.05.29"]
[Round "6"]
[White "Ramakrishna, J."]
[Black "Aradhya, Garg"]
[Result "0-1"]
[WhiteElo "2157"]
[BlackElo "2304"]
[PlyCount "74"]
[EventDate "2017.05.26"]
[EventType "swiss"]
[EventRounds "10"]
[EventCountry "IND"]
[SourceTitle "CBM 178 Extra"]
[Source "ChessBase"]
[SourceDate "2017.06.22"]
[SourceVersion "1"]
[SourceVersionDate "2017.06.22"]
[SourceQuality "1"]

1. e4 e5 2. f4 Bc5 3. Nf3 d6 4. Nc3 Nc6 5. Na4 Bg4 6. Bb5 Bb6 7. Nxb6 axb6 8. h3 Bxf3 9. Qxf3 Nge7 10. Bxc6+ Nxc6 11. c3 0-0 12. f5 d5 13. d3 dxe4 14. dxe4 Ra4 15. 0-0 Qh4 16. b4 Rd8 17. a3 Raa8 18. Bb2 Rd2 19. Bc1 Rd6 20. Bb2 Rd2 21. Bc1 Rd6 22. Bb2 Rad8 23. Rad1 h6 24. Rd5 Rxd5 25. exd5 e4 26. Qd1 b5 27. c4 bxc4 28. b5 Ne7 29. Qd4 Qg5 30. Qxe4 Nxd5 31. Bc1 Qf6 32. Qxc4 Qc3 33. Qe2 Qc5+ 34. Kh1 Nf6 35. Bf4 Re8 36. Qd3 Qd5 37. Rd1 Re1+ 0-1

[Event "IND-chT 37th"]
[Site "Bhopal"]
[Date "2017.02.06"]
[Round "7.1"]
[White "Ramakrishna, J."]
[Black "Jayakumaar, S."]
[Result "1-0"]
[WhiteElo "2141"]
[BlackElo "2237"]
[PlyCount "105"]
[EventDate "2017.02.02"]
[EventType "team-swiss"]
[EventRounds "9"]
[EventCountry "IND"]
[SourceTitle "CBM 176 Extra"]
[Source "ChessBase"]
[SourceDate "2017.03.02"]
[SourceVersion "1"]
[SourceVersionDate "2017.03.02"]
[SourceQuality "1"]
[WhiteTeam "Andhra Bank"]
[BlackTeam "Tamil Nadu"]
[WhiteTeamCountry "IND"]
[BlackTeamCountry "IND"]

1. Nf3 d5 2. g3 Nf6 3. Bg2 c6 4. 0-0 Bf5 5. d3 h6 6. b3 e6 7. Bb2 Be7 8. c4 a5 9. a3 0-0 10. Nbd2 Nbd7 11. Re1 Bh7 12. Rc1 Nc5 13. Bxf6 gxf6 14. cxd5 cxd5 15. Nf1 Qb6 16. Rb1 Nd7 17. b4 axb4 18. axb4 Rfc8 19. Qd2 Bf8 20. Rb2 Ra4 21. Reb1 f5 22. Qf4 Bg7 23. d4 Rc4 24. Ne3 Rcxb4 25. Rxb4 Rxb4 26. Rxb4 Qxb4 27. h4 Qc3 28. Kh2 h5 29. Qd6 Nf8 30. Qb6 Qc8 31. Ne5 Nd7 32. Nxd7 Qxd7 33. f4 Bg6 34. Nf1 Bf6 35. Nd2 Qa4 36. Nb3 Qc4 37. Bf3 Qa6 38. Qc7 b6 39. Kg2 Qb5 40. Qc3 Qc4 41. Qb2 b5 42. e3 b4 43. Kf2 Be7 44. Be2 Qc7 45. Bd3 f6 46. Qc2 Qb8 47. Qc6 Bf7 48. Nc5 Bxc5 49. dxc5 b3 50. Qb6 Qc8 51. Ba6 Qa8 52. c6 Be8 53. c7 1-0

[Event "Odisha Keshabananda Memorial 2nd"]
[Site "Odisha"]
[Date "2013.08.20"]
[Round "4"]
[White "Ramakrishna, J."]
[Black "Surendran, N."]
[Result "0-1"]
[WhiteElo "2234"]
[BlackElo "2220"]
[PlyCount "46"]
[EventDate "2013.08.18"]
[EventType "swiss"]
[EventRounds "7"]
[EventCountry "IND"]
[SourceTitle "CBM 156 Extra"]
[Source "ChessBase"]
[SourceDate "2013.10.22"]
[SourceVersion "1"]
[SourceVersionDate "2013.10.22"]
[SourceQuality "1"]

1. c4 Nf6 2. g3 c6 3. Bg2 d5 4. Nf3 dxc4 5. Na3 Be6 6. Qc2 Qd5 7. 0-0 Nbd7 8. b3 cxb3 9. Qxb3 Qxb3 10. axb3 Bxb3 11. Rb1 Bd5 12. Rxb7 e5 13. d3 e4 14. dxe4 Nxe4 15. Nh4 Ndc5 16. Rb2 a5 17. f3 Nc3 18. e4 Bb3 19. Be3 a4 20. Bd4 Nd1 21. Rxd1 Bxd1 22. Nf5 Bb3 23. Nb1 a3 0-1

[Event "Odisha Keshabananda Memorial 2nd"]
[Site "Odisha"]
[Date "2013.08.19"]
[Round "3"]
[White "Das, Sayantan"]
[Black "Ramakrishna, J."]
[Result "1/2-1/2"]
[WhiteElo "2397"]
[BlackElo "2234"]
[PlyCount "83"]
[EventDate "2013.08.18"]
[EventType "swiss"]
[EventRounds "7"]
[EventCountry "IND"]
[SourceTitle "CBM 156 Extra"]
[Source "ChessBase"]
[SourceDate "2013.10.22"]
[SourceVersion "1"]
[SourceVersionDate "2013.10.22"]
[SourceQuality "1"]

1. e4 c5 2. Nf3 d6 3. Bb5+ Bd7 4. Bxd7+ Qxd7 5. c4 Nc6 6. 0-0 g6 7. d4 cxd4 8. Nxd4 Bg7 9. Be3 Nf6 10. f3 0-0 11. Nc3 Rfd8 12. Qd2 e6 13. Rfd1 d5 14. Nxc6 bxc6 15. e5 Ne8 16. f4 Qe7 17. Qe2 Qb4 18. Rac1 Bf8 19. b3 Ng7 20. Na4 Nf5 21. Bf2 h5 22. g3 Qa5 23. Kg2 dxc4 24. Qxc4 Rd2 25. Kg1 Rad8 26. Rxd2 Qxd2 27. Qc2 a5 28. Bb6 Bb4 29. Nc3 Qxc2 30. Rxc2 Bxc3 31. Rxc3 Rd1+ 32. Kg2 Rd2+ 33. Kh3 Rxa2 34. Rxc6 a4 35. Rc8+ Kg7 36. Bd8 g5 37. fxg5 axb3 38. Bf6+ Kg6 39. Rg8+ Kh7 40. Rh8+ Kg6 41. Rg8+ Kh7 42. Rh8+ 1/2-1/2

[Event "Chennai op 5th"]
[Site "Chennai"]
[Date "2013.01.19"]
[Round "7"]
[White "Karthikeyan, Murali"]
[Black "Ramakrishna, J."]
[Result "1-0"]
[WhiteElo "2352"]
[BlackElo "2224"]
[PlyCount "57"]
[EventDate "2013.01.16"]
[EventType "swiss"]
[EventRounds "11"]
[EventCountry "IND"]
[SourceTitle "CBM 152 Extra"]
[Source "ChessBase"]
[SourceDate "2013.02.25"]
[SourceVersion "1"]
[SourceVersionDate "2013.02.25"]
[SourceQuality "1"]

1. e4 c5 2. Nf3 e6 3. Nc3 a6 4. d4 cxd4 5. Nxd4 b5 6. Bd3 Bb7 7. 0-0 d6 8. Qe2 Nd7 9. Bd2 Ngf6 10. b4 Ne5 11. Kh1 d5 12. exd5 Nxd3 13. cxd3 Nxd5 14. Rae1 Be7 15. Ne4 Nxb4 16. Nxe6 fxe6 17. Qh5+ g6 18. Qe5 Kf7 19. Bc3 Rf8 20. Ng5+ Ke8 21. Nxe6 Nxd3 22. Ng7+ Kd7 23. Qe6+ Kc7 24. Ba5+ Kb8 25. Bxd8 Bc5 26. Be7 Bxg2+ 27. Kg1 Bxf1 28. Bxc5 Nxc5 29. Qd6+ 1-0

[Event "Chennai op 5th"]
[Site "Chennai"]
[Date "2013.01.19"]
[Round "4"]
[White "Ramakrishna, J."]
[Black "Wan, Yunguo"]
[Result "0-1"]
[WhiteElo "2224"]
[BlackElo "2497"]
[PlyCount "58"]
[EventDate "2013.01.16"]
[EventType "swiss"]
[EventRounds "11"]
[EventCountry "IND"]
[SourceTitle "CBM 152 Extra"]
[Source "ChessBase"]
[SourceDate "2013.02.25"]
[SourceVersion "1"]
[SourceVersionDate "2013.02.25"]
[SourceQuality "1"]

1. c4 Nf6 2. Nc3 g6 3. g3 Bg7 4. Bg2 0-0 5. d3 c6 6. e4 d5 7. exd5 cxd5 8. cxd5 Na6 9. Nge2 Nc7 10. Nf4 Rb8 11. a4 b6 12. Qb3 Bb7 13. 0-0 g5 14. Nfe2 h6 15. h4 gxh4 16. Bf4 hxg3 17. fxg3 Qd7 18. d6 Bxg2 19. Kxg2 exd6 20. Bxh6 Qc6+ 21. Kh3 Ne6 22. Rxf6 Bxf6 23. Nd5 Bg5 24. Bxg5 Nxg5+ 25. Kg4 Rfe8 26. Nd4 Qc8+ 27. Kxg5 Re5+ 28. Kf4 Qc5 29. Nf5 Qf2+ 0-1